al-Muʻjam al-mufahras li-alfāẓ al-Qurʼān al-Karīm /
المؤلف الرئيسي:
التنسيق: كتاب
اللغة:
Arabic
English
منشور في:
al-Qāhirah :
Dār al-Kutub al-Miṣrīyah. al-Qism al-Adabī,
1364 [1945].
الطبعة: al-Tạbʻah 1.
الموضوعات:
الوسوم: إضافة وسم
رقم الطلب: (REF)BP133 .A18 1945
| LEADER | 01160nam a2200265Ia 4500 | ||
|---|---|---|---|
| 003 | OSt | ||
| 005 | 20240417082952.0 | ||
| 008 | 130303s1945 ua d 000 0 ara d | ||
| 952 | |0 0 |1 0 |2 lcc |4 0 |7 1 |9 26398 |a ARCE |b ARCE |d 2022-01-25 |l 0 |o (REF)BP133 .A18 1945 |p 1036378 |r 2022-01-25 00:00:00 |w 2022-01-25 |y BK | ||
| 999 | |c 23225 |d 23225 | ||
| 040 | |c ARCE Library | ||
| 041 | 0 | |a eng |a ara | |
| 050 | 4 | |a (REF)BP133 .A18 1945 | |
| 100 | 1 | |6 880-01 |a ʿAbd al-Bāqī, Muḥammad Fuʾād, |e author | |
| 245 | 1 | 3 | |6 880-02 |a al-Muʻjam al-mufahras li-alfāẓ al-Qurʼān al-Karīm / |c waḍʻahu Muḥamṃad Fuʼād ʻAbd al-Bāqī. |
| 250 | |a al-Tạbʻah 1. | ||
| 264 | 1 | |a al-Qāhirah : |b Dār al-Kutub al-Miṣrīyah. al-Qism al-Adabī, |c 1364 [1945]. | |
| 300 | |a 13, 781 pages ; |c 33 cm. | ||
| 630 | 0 | 0 | |a Qurʼan |v Concordances, Arabic. |
| 650 | 0 | |a Arabic language |v Dictionaries. | |
| 740 | 0 | |a Lexicon of words found in the Koran. | |
| 880 | 1 | |6 100-01/(3/r |a عبد الباقي، محمد فؤاد | |
| 880 | 1 | 2 | |6 245-02/(3/r |a المعجم المفهرس لالفاظ القرآن الكريم |c وضعه محمد فؤاد عبد الباقي |
| 901 | |a reviewed | ||
| 942 | |c BK |2 lcc | ||
